000 00803nam a2200253Ia 4500
003 OSt
005 20220923224820.0
006 a|||||r|||| 00| 0
007 ta
008 220922b |||||||| |||| 00| 0 hin d
024 _a251,296
037 _cTextual
040 _aARTS
_cARTS
_bhin
041 _2hin
_ahin
082 _aO152,1NK0x, L8
100 _aकेदारनाथ कोमल
245 0 _aसूरज के आस - पास
246 _aSūraj ke ās - pāsa
260 _aहैदराबाद
_b मिलिन्द प्रकाशन
_c1978
300 _a71पृ.
_ccm.
650 _aहिन्दी साहित्य
_9156264
942 _hO152,1NK0x, L8
_cTEXL
_2CC
999 _c373871
_d373871